000 00523nam a2200169 i 4500
001 62491
003 ES-MaACL
005 20230906164659.0
007 t|
008 031121s1972 sp ||||1| spa d
100 1 _aFernández Flores, Francisco.
_949784
245 1 0 _aDerecho y política bursátil.
_n1 /
_cFrancisco Fernández Flores.
260 _aBarcelona :
_b[s.n.],
_c1972 (
_fComercial y Artes Gráficas)
300 _a1 v. ;
_c22 cm.
650 4 _aBolsas de valores-
_zEspaña.
_9170406
852 _aES-MaACL
_jP-1738
999 _c62491
_d62491